|
|
|
|
| LEADER |
01809nam a2200433 i 4500 |
| 001 |
EBC5043438 |
| 003 |
MiAaPQ |
| 005 |
20200520144314.0 |
| 006 |
m o d | |
| 007 |
cr cnu|||||||| |
| 008 |
171229t20182018enk ob 001 0 eng d |
| 020 |
|
|
|z 9781787432888
|
| 020 |
|
|
|a 9781787432871 (e-book)
|
| 035 |
|
|
|a (MiAaPQ)EBC5043438
|
| 035 |
|
|
|a (Au-PeEL)EBL5043438
|
| 035 |
|
|
|a (CaPaEBR)ebr11478125
|
| 035 |
|
|
|a (OCoLC)1016998949
|
| 040 |
|
|
|a MiAaPQ
|b eng
|e rda
|e pn
|c MiAaPQ
|d MiAaPQ
|
| 050 |
|
4 |
|a HD5857
|b .P743 2018
|
| 082 |
0 |
|
|a 331.2
|2 23
|
| 245 |
0 |
0 |
|a Precarious work /
|c edited by Steven Vallas, Arne L. Kalleberg.
|
| 264 |
|
1 |
|a Bingley, [England] :
|b Emerald Publishing Limited,
|c 2018.
|
| 264 |
|
4 |
|c 2018
|
| 300 |
|
|
|a 1 online resource (466 pages).
|
| 336 |
|
|
|a text
|2 rdacontent
|
| 337 |
|
|
|a computer
|2 rdamedia
|
| 338 |
|
|
|a online resource
|2 rdacarrier
|
| 490 |
1 |
|
|a Research in the Sociology of Work ;
|v Volume 31
|
| 504 |
|
|
|a Includes bibliographical references and index.
|
| 588 |
|
|
|a Description based on online resource; title from PDF title page (EBC, viewed December 29, 2017).
|
| 590 |
|
|
|a Electronic reproduction. Ann Arbor, MI : ProQuest, 2016. Available via World Wide Web. Access may be limited to ProQuest affiliated libraries.
|
| 650 |
|
0 |
|a Precarious employment.
|
| 655 |
|
4 |
|a Electronic books.
|
| 700 |
1 |
|
|a Vallas, Steven,
|e editor.
|
| 700 |
1 |
|
|a Kalleberg, Arne L.,
|e editor.
|
| 776 |
0 |
8 |
|i Print version:
|t Precarious work.
|d Bingley, [England] : Emerald Publishing Limited, c2018
|h x, 466 pages
|k Research in the sociology of work ; Volume 31.
|z 9781787432888
|
| 797 |
2 |
|
|a ProQuest (Firm)
|
| 830 |
|
0 |
|a Research in the sociology of work ;
|v Volume 31.
|
| 856 |
4 |
0 |
|u https://ebookcentral.proquest.com/lib/matrademy/detail.action?docID=5043438
|z Click to View
|